Orientation to the theater

Gespeichert in:
Bibliographische Detailangaben
1. Verfasser: Hatlen, Theodore W (VerfasserIn)
Format: Buch
Sprache:Englisch
Veröffentlicht: Nueva York Appleton-Century-Crofts 1972
Ausgabe:2a. ed
Schlagworte:
Tags: Tag hinzufügen
Keine Tags, Fügen Sie den ersten Tag hinzu!

MARC

LEADER 00000nam a2200000 a 4500
001 UCU4954
003 CL-VaPUC
008 960531e19720000US |||||||||||||||||eng|d
082 0 4 |a 792.09  |b HAT  |2 21 
100 0 |a Hatlen, Theodore W  |e author  |9 362751 
245 1 0 |a Orientation to the theater 
250 |a 2a. ed 
300 |a 339 p 
942 |c BK 
945 |d 19960531 00:00:00  |a rleighto 
260 |a Nueva York  |b Appleton-Century-Crofts  |c 1972 
650 0 |a Teatro  |9 265385 
650 0 |a Artes escénicas  |9 318853 
650 0 |a Arte dramático  |9 337416 
650 0 |a Formas y géneros literarios  |9 324031 
650 0 |a Tragedia   |9 345955 
650 7 |a MELODRAMA  |2 CL-VaPUC  |9 306620 
650 0 |a Comedia  |9 341454 
650 7 |a DIRECTORES DE TEATRO  |2 CL-VaPUC  |9 362752 
650 0 |a Actores   |9 302313 
583 |a last modification  |c 19960531 00:00:00  |k Rodrigo Vera 
999 |c 248478  |d 248476 
952 |0 0  |1 0  |4 0  |6 792_090000000000000_HAT_1972  |7 0  |8 A  |9 265103  |a BIBEDU  |b BIBEDU  |d 2019-11-19  |i 3205479  |o 792.09 HAT 1972  |p 3205479  |r 2019-11-19  |w 2019-11-19  |y BK  |k LIT